|
|
|
|
| LEADER |
00937nam a22002537i 4500 |
| 001 |
001922227 |
| 003 |
CZ BrMZK |
| 005 |
20250120142735.0 |
| 007 |
ta |
| 008 |
250120s1927 xr acf er|||||||||||ger d |
| 015 |
|
|
|a cnb000930474
|
| 035 |
|
|
|a (OCoLC)41898748
|
| 040 |
|
|
|a ABA001
|b cze
|c ABA001
|d ABA001
|d BOA001
|e rda
|
| 100 |
1 |
|
|a Mayr, Franz Xaver
|4 aut
|
| 245 |
1 |
4 |
|a Ein Weg aus der Not und Friedlosigkeit der Menschen und Völker zum internationalen Wirtschaftsstaat /
|c von Dr. Franz Xaver Mayr
|
| 264 |
|
1 |
|a Karlsbad :
|b Walther Heinisch,
|c 1927
|
| 300 |
|
|
|a 159 stran, xiii listů obrazových příloh (některé složené) :
|b ilustrace, portréty ;
|c 23 cm
|
| 336 |
|
|
|a text
|b txt
|2 rdacontent
|
| 337 |
|
|
|a bez média
|b n
|2 rdamedia
|
| 338 |
|
|
|a svazek
|b nc
|2 rdacarrier
|
| 910 |
|
|
|a BOA001
|b 2-0178.982
|
| 990 |
|
|
|a BK
|
| 991 |
|
|
|b 202501
|
| 996 |
7 |
|
|b 2618787276
|c 2-0178.982
|l MZK
|r Sklad / do 24 hodin
|n 0
|w 001991720
|u 000010
|a 1
|e BOA001
|j MZK50
|s A
|